00557nam a2200181Ia 450000500170000000800410001704000180005804100080007608200200008410000180010424500720012225000330019426000530022730000260028065000280030665000170033465000240035120260202141859.0210716s9999 xx 000 0 und d cAIMIT LIBRARY aeng a658.3 25bCHHT aChhabra, T N. aHuman resource management :bconcepts and issues /cBy T N Chhabra. a5th ed.b5th Revised Edition aNew Delhi :bDhanpat Rai and Co (P) Ltd ,c2014. axv, 824p ;c23cm.bPB aJob analysis and design aCompensation aAppraisal and audit